| 000 | 00556nam a22001937a 4500 | ||
|---|---|---|---|
| 003 | NUST | ||
| 005 | 20230126154402.0 | ||
| 008 | 190709b ||||| |||| 00| 0 eng d | ||
| 038 | _aMr. Zahoor | ||
| 082 | _a530 | ||
| 100 |
_aKhan, Waseem _917187 |
||
| 245 |
_aStudy of Bernstein Waves in Different Plasma Environments _cWaseem Khan |
||
| 260 |
_aIslamabad : _bSNS - NUST, _c2018. |
||
| 300 |
_aiv, 78 p. : ill. ; _c30cm |
||
| 500 | _aHardcover. | ||
| 650 |
_aPhysics - Ms Thesis _916163 |
||
| 700 |
_aDr. Muddasir Ali Shah _916811 |
||
| 942 |
_2ddc _cTHE |
||
| 999 |
_c526213 _d526213 |
||